| 000 | 00579nam a22001577a 4500 | ||
|---|---|---|---|
| 003 | OSt | ||
| 005 | 20150906161306.0 | ||
| 008 | 150906b xxu||||| |||| 00| 0 eng d | ||
| 040 | _cRUA | ||
| 082 | _aAGR ហោ 1990 B001 Or.1 | ||
| 100 |
_9127 _aហោ ប៉ូលី |
||
| 245 | _aទិន្នផលពូជ ផ្កាឈូករ័ត្ននាំចូលក្នុងប្រទេសកម្ពុជាដោយមានការជ្រើសរើសផ្សេងៗ | ||
| 260 |
_aPhnom Penh _bRUA _c1990 |
||
| 300 |
_a101p. _bill. _c29cm. |
||
| 942 |
_2ddc _cAGR |
||
| 999 |
_c114 _d114 |
||